000 00959nam0a22002651 4500
001 rc\4154709
005 20250611112309.0
021 _aRU
_b[52-44854]
035 _a(NLR Aleph) 008172410
090 _a7863141
_c7863141
100 _a20130415d1952 |||y0rusy50 ca
101 0 _arus
102 _aRU
105 _aab d |||c|
200 1 _aОчерки истории политической борьбы в Германии перед Реформацией
_fАкад. наук СССР. Ин-т истории
210 _aМосква
_cИзд-во Акад. наук СССР
_d1952
215 _a416 с., 1 л. карт.
_cил.
_d22
320 _aБиблиогр.: с. 406-409
607 _aГермания
_xИстория
_z15-16 вв.
_2psbo
700 1 _aСмирин
_bМ.М.
_f1895-1975
_gМоисей Менделеевич
801 0 _aRU
_bNLR
_gpsbo
801 1 _aRU
_bELAR
_2rusmarc
852 _aNLR
_jИ54 Г-5/7
942 _cBOOK
980 _aNB